00253nam a2200097Ia 4500008004100000100002300041245004000064260001500104300000900119650002700128190216s9999||||xx |||||||||||||| ||und|| aAbdul Assis Koroth 0aInformation Technology For Business bNullc2003 a402p aInformation Technology